<?xml version="1.0" encoding="UTF-8"?>
<record
    xmlns:xsi="http://www.w3.org/2001/XMLSchema-instance"
    xsi:schemaLocation="http://www.loc.gov/MARC21/slim http://www.loc.gov/standards/marcxml/schema/MARC21slim.xsd"
    xmlns="http://www.loc.gov/MARC21/slim">

  <leader>00633nam a22001337a 4500</leader>
  <datafield tag="040" ind1=" " ind2=" ">
    <subfield code="c">RUA</subfield>
  </datafield>
  <datafield tag="082" ind1=" " ind2=" ">
    <subfield code="a">AVM CHH 2018 B649 Or.1</subfield>
  </datafield>
  <datafield tag="100" ind1=" " ind2=" ">
    <subfield code="a">CHHEN YAT &#x1786;&#x17C1;&#x1784; &#x1799;&#x17C9;&#x17B6;&#x178F;</subfield>
  </datafield>
  <datafield tag="245" ind1=" " ind2=" ">
    <subfield code="a">presence of bactria in beef on the market in pea reang district, prey veng province &#x179C;&#x178F;&#x17D2;&#x178F;&#x1798;&#x17B6;&#x1793;&#x1793;&#x17C3;&#x179C;&#x17B6;&#x1780;&#x17CB;&#x178F;&#x17C1;&#x179A;&#x17B8;&#x179B;&#x17BE;&#x179F;&#x17B6;&#x1785;&#x17CB;&#x1782;&#x17C4;&#x179B;&#x17BE;&#x1791;&#x17B8;&#x1795;&#x17D2;&#x179F;&#x17B6;&#x179A;&#x179F;&#x17D2;&#x179A;&#x17BB;&#x1780;&#x1796;&#x17B6;&#x179A;&#x17B6;&#x17C6;&#x1784; &#x1781;&#x17C1;&#x178F;&#x17D2;&#x178F; &#x1796;&#x17D2;&#x179A;&#x17C3;&#x179C;&#x17C2;&#x1784;&#x200B;</subfield>
  </datafield>
  <datafield tag="260" ind1=" " ind2=" ">
    <subfield code="a">RUA</subfield>
    <subfield code="b">PHNOM PENH</subfield>
    <subfield code="c">2018</subfield>
  </datafield>
  <datafield tag="300" ind1=" " ind2=" ">
    <subfield code="a">vii;35p</subfield>
    <subfield code="b">ill;</subfield>
    <subfield code="c">29cm</subfield>
  </datafield>
  <datafield tag="856" ind1=" " ind2=" ">
    <subfield code="u">https://drive.google.com/file/d/1RmjCJ0J3PwEE5wArQiwJpUjv-GaE5u9g/view?usp=sharing</subfield>
  </datafield>
  <datafield tag="942" ind1=" " ind2=" ">
    <subfield code="c">AVM</subfield>
  </datafield>
  <datafield tag="999" ind1=" " ind2=" ">
    <subfield code="c">18305</subfield>
    <subfield code="d">18305</subfield>
  </datafield>
  <datafield tag="952" ind1=" " ind2=" ">
    <subfield code="0">0</subfield>
    <subfield code="1">0</subfield>
    <subfield code="2">ddc</subfield>
    <subfield code="4">0</subfield>
    <subfield code="6">AVM_CHH_2018_000000000000000_B649_OR_1</subfield>
    <subfield code="7">0</subfield>
    <subfield code="9">82002</subfield>
    <subfield code="a">LBB</subfield>
    <subfield code="b">LBB</subfield>
    <subfield code="c">B549</subfield>
    <subfield code="d">2019-10-16</subfield>
    <subfield code="l">1</subfield>
    <subfield code="o">AVM CHH 2018 B649 Or.1</subfield>
    <subfield code="p">A43067</subfield>
    <subfield code="r">2024-04-03</subfield>
    <subfield code="s">2024-03-29</subfield>
    <subfield code="w">2019-10-16</subfield>
    <subfield code="y">AVM</subfield>
  </datafield>
  <datafield tag="952" ind1=" " ind2=" ">
    <subfield code="0">0</subfield>
    <subfield code="1">0</subfield>
    <subfield code="2">ddc</subfield>
    <subfield code="4">0</subfield>
    <subfield code="6">AVM_CHH_2018_000000000000000_B649_OR_2</subfield>
    <subfield code="7">0</subfield>
    <subfield code="9">82003</subfield>
    <subfield code="a">LBB</subfield>
    <subfield code="b">LBB</subfield>
    <subfield code="c">B549</subfield>
    <subfield code="d">2019-10-16</subfield>
    <subfield code="l">1</subfield>
    <subfield code="o">AVM CHH 2018 B649 Or.2</subfield>
    <subfield code="p">A43541</subfield>
    <subfield code="r">2020-07-13</subfield>
    <subfield code="s">2020-06-26</subfield>
    <subfield code="w">2019-10-16</subfield>
    <subfield code="y">AVM</subfield>
  </datafield>
  <datafield tag="952" ind1=" " ind2=" ">
    <subfield code="0">0</subfield>
    <subfield code="1">0</subfield>
    <subfield code="2">ddc</subfield>
    <subfield code="4">0</subfield>
    <subfield code="6">AVM_CHH_2018_000000000000000_B649_OR_3</subfield>
    <subfield code="7">0</subfield>
    <subfield code="9">82004</subfield>
    <subfield code="a">LBB</subfield>
    <subfield code="b">LBB</subfield>
    <subfield code="c">B549</subfield>
    <subfield code="d">2019-10-16</subfield>
    <subfield code="o">AVM CHH 2018 B649 Or.3</subfield>
    <subfield code="p">A42842</subfield>
    <subfield code="r">2019-10-16</subfield>
    <subfield code="w">2019-10-16</subfield>
    <subfield code="y">AVM</subfield>
  </datafield>
  <datafield tag="952" ind1=" " ind2=" ">
    <subfield code="0">0</subfield>
    <subfield code="1">0</subfield>
    <subfield code="2">ddc</subfield>
    <subfield code="4">0</subfield>
    <subfield code="6">AVM_CHH_2018_000000000000000_B649_OR_4</subfield>
    <subfield code="7">0</subfield>
    <subfield code="9">82005</subfield>
    <subfield code="a">LBB</subfield>
    <subfield code="b">LBB</subfield>
    <subfield code="c">B549</subfield>
    <subfield code="d">2019-10-16</subfield>
    <subfield code="l">6</subfield>
    <subfield code="o">AVM CHH 2018 B649 Or.4</subfield>
    <subfield code="p">A42917</subfield>
    <subfield code="r">2020-10-14</subfield>
    <subfield code="s">2020-09-28</subfield>
    <subfield code="w">2019-10-16</subfield>
    <subfield code="y">AVM</subfield>
  </datafield>
  <datafield tag="952" ind1=" " ind2=" ">
    <subfield code="0">0</subfield>
    <subfield code="1">0</subfield>
    <subfield code="2">ddc</subfield>
    <subfield code="4">0</subfield>
    <subfield code="6">AVM_CHH_2018_000000000000000_B649_OR_5</subfield>
    <subfield code="7">0</subfield>
    <subfield code="9">82006</subfield>
    <subfield code="a">LBB</subfield>
    <subfield code="b">LBB</subfield>
    <subfield code="c">B549</subfield>
    <subfield code="d">2019-10-16</subfield>
    <subfield code="l">2</subfield>
    <subfield code="o">AVM CHH 2018 B649 Or.5</subfield>
    <subfield code="p">A43756</subfield>
    <subfield code="r">2020-02-28</subfield>
    <subfield code="s">2020-01-22</subfield>
    <subfield code="w">2019-10-16</subfield>
    <subfield code="y">AVM</subfield>
  </datafield>
  <datafield tag="952" ind1=" " ind2=" ">
    <subfield code="0">0</subfield>
    <subfield code="1">0</subfield>
    <subfield code="2">ddc</subfield>
    <subfield code="4">0</subfield>
    <subfield code="6">AVM_CHH_2018_000000000000000_B649_OR_6</subfield>
    <subfield code="7">0</subfield>
    <subfield code="9">82007</subfield>
    <subfield code="a">LBB</subfield>
    <subfield code="b">LBB</subfield>
    <subfield code="c">B549</subfield>
    <subfield code="d">2019-10-16</subfield>
    <subfield code="o">AVM CHH 2018 B649 Or.6</subfield>
    <subfield code="p">A43326</subfield>
    <subfield code="r">2019-10-16</subfield>
    <subfield code="w">2019-10-16</subfield>
    <subfield code="y">AVM</subfield>
  </datafield>
</record>
